000 00403nam a2200145Ia 4500
008 221030s9999 xx 000 0 und d
041 _aEnglish
082 _a105.23
100 _aK. A. Krishnamurthy
245 0 _aElectrical and electronics engineering for scientists and engineers
_cby K. A. Krishnamurthy, M. R. Raghuveer
260 _c0
650 _aB
700 _aM. R. Raghuveer
942 _cBK
999 _c11804
_d11804